Statistics for UEFA Euro 2012 Final Spain - Italy

Click here to take the quiz!

General Stats

  • This quiz has been taken 348 times
  • The average score is 20 of 30

Answer Stats

Players% Correct
Andrés Iniesta
97%
Iker Casillas
97%
Xavi
97%
Sergio Ramos
96%
Gerard Piqué
95%
Gianluigi Buffon
93%
Sergio Busquets
91%
Giorgio Chiellini
90%
Jordi Alba ¹
89%
Leonardo Bonucci
89%
Fernando Torres ¹
84%
Andrea Pirlo
82%
Mario Balotelli
80%
Xabi Alonso
78%
Cesc Fàbregas
72%
Andrea Barzagli
70%
David Silva ¹
70%
Vicente del Bosque
66%
Pedro
55%
Álvaro Arbeloa
54%
Claudio Marchisio
53%
Daniele De Rossi
44%
Juan Mata ¹
40%
Antonio Cassano
38%
Riccardo Montolivo
36%
Antonio Di Natale
33%
Ignazio Abate
31%
Cesare Prandelli
26%
Thiago Motta
20%
Federico Balzaretti
11%

Score Distribution

Percentile by Number Answered

Percent of People with Each Score

Your Score History

You have not taken this quiz